| Tag |
First Indicator |
Second Indicator |
Subfields |
| LEADER |
00000cam a2200000 4500 |
| 001 |
in00000296921 |
| 005 |
20241114154527.8 |
| 008 |
750522s1951 pauc 000 0 eng d |
| 010 |
|
|
|a 51010140
|
| 035 |
|
|
|a (OCoLC)01350639
|
| 035 |
|
|
|9 ABF3244AM
|
| 040 |
|
|
|c IWU
|d TXA
|d UtOrBLW
|
| 049 |
|
|
|a TXAM
|c [186589]
|
| 090 |
|
|
|a D101
|b .P4 Ser. 3 v. 6
|
| 100 |
1 |
|
|a Clapham, John,
|d 1566-
|
| 245 |
1 |
0 |
|a Elizabeth of England;
|b certain observations concerning the life and reign of Queen Elizabeth /
|c Edited by Evelyn Plummer Read and Conyers Read.
|
| 264 |
|
1 |
|a Philadelphia :
|b University of Pennsylvania Press,
|c 1951.
|
| 300 |
|
|
|a viii, 125 pages :
|b portraits ;
|c 21 cm.
|
| 336 |
|
|
|a text
|b txt
|2 rdacontent
|
| 337 |
|
|
|a unmediated
|b n
|2 rdamedia
|
| 338 |
|
|
|a volume
|b nc
|2 rdacarrier
|
| 490 |
1 |
|
|a University of Pennsylvania. Dept. of History. Translations and reprints from the original sources of history, 3d ser., v. 6
|
| 500 |
|
|
|a "The text printed is that of the second draft in Additional manuscripts 22295, in the British Museum."--page 26.
|
| 600 |
0 |
0 |
|a Elizabeth
|b I,
|c Queen of England,
|d 1533-1603.
|
| 651 |
|
0 |
|a Great Britain
|x History
|y Elizabeth, 1558-1603.
|
| 651 |
|
0 |
|a Great Britain
|x History
|y Tudors, 1485-1603.
|
| 830 |
|
0 |
|a Translations and reprints from the original sources of European history ;
|v ser. 3, v. 6.
|
| 999 |
|
|
|a MARS
|
| 999 |
f |
f |
|s 29f6521e-c725-3c09-9426-dbae02968ac9
|i 16f5b2a1-485d-3179-ac8f-49b27feb4afd
|t 0
|
| 952 |
f |
f |
|p ric
|a Texas A&M University
|b Rellis Campus
|c Joint Library Facility
|d Remote Storage
|t 0
|e D101 .P4 Ser.3 v.6
|h Library of Congress classification
|i unmediated -- volume
|m A14812212953
|
| 998 |
f |
f |
|a D101 .P4 Ser.3 v.6
|t 0
|l Remote Storage
|